Times do Campeonato Brasileiro Seria A - Statistics

Estatísticas Gerais
  • Esse quiz foi jogado 33 vezes
  • A pontuação média é 18 de 20
Estatísticas das Respostas
Imagem Resposta % Correto
Fluminense
100%
Palmeiras
100%
Corinthians
96%
Cruzeiro
96%
Gremio
96%
São Paulo
96%
Vasco da Gama
96%
Athletico PR
93%
Botafogo
93%
Flamengo
93%
Bahia
89%
Internacional
89%
Santos
89%
Mirassol
86%
Vitoria
86%
Bragantino
82%
Coritiba
82%
Remo
75%
Chapecoense
71%
Atletico mg
57%
Nenhum quiz correspondente encontrado
Distribuição das Pontuações
Porcentagem de Pessoas com Cada Pontuação
Percentil de Números Respondidos
Sua Pontuação Histórica
Você não jogou esse quiz